| 000 | 01931nam a2200277Ia 4500 | ||
|---|---|---|---|
| 999 |
_c41552 _d41552 |
||
| 001 | 8220 | ||
| 003 | GE_BSU | ||
| 005 | 20220927164046.0 | ||
| 008 | 181216s2012||||ge |||||||||||||| ||geo|| | ||
| 020 | _a9789941053603 | ||
| 040 | _cGE_BSU | ||
| 041 | _ageo | ||
| 080 | _a338.48 ბ-54 | ||
| 100 |
_aკლეიტონ, ბეროვსკი _914868 |
||
| 245 |
_aშესავალი მასპინძლობის მენეჯმენტში = Introduction to management in the hospitality industry / _c კლეიტონ ვ. ბეროვსი, ტომ პავერსი, დენის რეინოლდსი ; [მთარგმნ.: მიხეილ თოქმაზიშვილი, ქეთევან ბიწაძე ; რედ. თამაზ ექვთიმიშვილი ; ფოტო თემო სუხიტაშვილი] ; წმ. ანდრია პირველწოდებულის სახ. ქართ. უნ-ტი. |
||
| 250 | _aმე-10 გამოცემა | ||
| 264 |
_aთბილისი : _bსაქ-ს საპატრიარქოს გამ-ბა, _c2012. |
||
| 300 |
_a736 გვ. : _bცხრ., დიაგრ. ; _c29 სმ. |
||
| 653 | _aშესავალი მასპინძლობის მენეჯმენტში | ||
| 700 |
_aპავერსი, ტომ _eავტორი _914869 |
||
| 700 |
_aრეინოლდსი, დენის _eავტორი _914870 |
||
| 700 |
_aთოქმაზიშვილი, მიხეილ და სხვ. _eმთარგმნელი _914871 |
||
| 700 |
_aექვთიმიშვილი, თამაზ _eრედაქტორი _914872 |
||
| 710 |
_aწმ. ანდრია პირველწოდებულის სახ. ქართ. უნ-ტი _92414 |
||
| 942 |
_cBK _2udc |
||